[Event "XIII Festival A"]
[Site "Porto San Giorgio ITA"]
[Date "2001.08.29"]
[Round "9"]
[White "Tomescu, Vlad"]
[Black "Rausis, Igors"]
[Result "1/2-1/2"]
[WhiteElo "2417"]
[BlackElo "2463"]
[PlyCount "21"]
[EventDate "2001.08.21"]

1.e4 c6 2.d4 d5 3.exd5 cxd5 4.c4 Nf6 5.Nc3 e6 6.Nf3 Be7 7.cxd5 Nxd5 8.Bd3 
O-O 9.O-O Nf6 10.Bg5 Nc6 11.Rc1 1/2-1/2

[Event "XIII Festival A"]
[Site "Porto San Giorgio ITA"]
[Date "2001.08.29"]
[Round "9"]
[White "Trent, Lawrence"]
[Black "Marzano, Carlo"]
[Result "1/2-1/2"]
[WhiteElo "2249"]
[BlackElo "2253"]
[PlyCount "25"]
[EventDate "2001.08.21"]

1.e4 g6 2.d4 c6 3.Nc3 d5 4.e5 Bg7 5.f4 h5 6.Nf3 Nh6 7.Be3 Bg4 8.Be2 Nf5 9.
Bf2 e6 10.Qd2 Nd7 11.O-O-O Qa5 12.Kb1 Bf8 13.g3 1/2-1/2

[Event "XIII Festival A"]
[Site "Porto San Giorgio ITA"]
[Date "2001.08.29"]
[Round "9"]
[White "Voltolini, Giuseppe"]
[Black "Parrella, Alfredo"]
[Result "1/2-1/2"]
[WhiteElo "2266"]
[BlackElo "2174"]
[PlyCount "105"]
[EventDate "2001.08.21"]

1.d4 Nf6 2.c4 c5 3.d5 e6 4.Nc3 exd5 5.cxd5 d6 6.e4 g6 7.h3 Bg7 8.Nf3 O-O 
9.Bd3 b5 10.O-O b4 11.Nb1 a5 12.Re1 Ra7 13.Bf4 h6 14.Bh2 Re7 15.Nbd2 Ne8 
16.Qc2 Nd7 17.Nc4 Qc7 18.Nfd2 Ba6 19.f4 Bd4+ 20.Kh1 Bxc4 21.Bxc4 Nb6 22.
Re2 Ng7 23.Rae1 Rd8 24.Nf3 Nh5 25.b3 Bc3 26.Rd1 Ng7 27.g4 a4 28.e5 axb3 
29.axb3 Nxc4 30.bxc4 Rde8 31.f5 gxf5 32.gxf5 f6 33.e6 Ra8 34.Rg2 Qd8 35.
Rg6 h5 36.Rdg1 Ra1 37.Rxa1 Bxa1 38.Nd2 Ra7 39.Ne4 Bd4 40.Bxd6 Qa8 41.Rg2 
Ra3 42.Kh2 b3 43.Qd1 Kh7 44.e7 b2 45.Rxg7+ Kxg7 46.Qxh5 b1=Q 47.Qg6+ Kh8 
48.e8=R+ Qxe8 49.Qxe8+ Kh7 50.Qf7+ Kh8 51.Qe8+ Kh7 52.Qf7+ Kh8 53.Qe8+ 
1/2-1/2

[Event "XIII Festival A"]
[Site "Porto San Giorgio ITA"]
[Date "2001.08.29"]
[Round "9"]
[White "Zaja, Ivan"]
[Black "Bukal, Vladimir jr"]
[Result "1-0"]
[WhiteElo "2488"]
[BlackElo "2411"]
[PlyCount "43"]
[EventDate "2001.08.21"]

1.d4 d5 2.c4 c6 3.Nc3 Nf6 4.Nf3 a6 5.c5 Bg4 6.Ne5 Bh5 7.Qb3 Ra7 8.f3 Nfd7 
9.g4 Nxe5 10.gxh5 Ned7 11.Bg5 f6 12.Bh4 e5 13.e3 b6 14.O-O-O bxc5 15.dxe5 
Nxe5 16.f4 Ned7 17.e4 d4 18.e5 Be7 19.Ne4 Qb6 20.Qe6 Kd8 21.Bh3 Re8 22.Rd3
1-0

[Event "V Open A"]
[Site "Genova ITA"]
[Date "2001.08.05"]
[Round "1"]
[White "Astengo, Corrado"]
[Black "Isonzo, David"]
[Result "0-1"]
[WhiteElo "2103"]
[BlackElo "2315"]
[PlyCount "40"]
[EventDate "2001.08.05"]

1. e4 c5 2. Nf3 d6 3. d4 cxd4 4. Nxd4 Nf6 5. Nc3 a6 6. Bg5 e6 7. f4 b5 8. e5
dxe5 9. fxe5 Qc7 10. exf6 Qe5+ 11. Be2 Qxg5 12. O-O Qe5 13. Nf3 Bc5+ 14. Kh1
Qxf6 15. Ne4 Qe7 16. Ne5 f6 17. Bh5+ g6 18. Bxg6+ hxg6 19. Nxg6 Rxh2+ 20. Kxh2
Qh7+ 0-1

[Event "V Open A"]
[Site "Genova ITA"]
[Date "2001.08.05"]
[Round "1"]
[White "Cehic, Goran"]
[Black "Popchev, Milko"]
[Result "1/2-1/2"]
[WhiteElo "2144"]
[BlackElo "2447"]
[PlyCount "93"]
[EventDate "2001.08.05"]

1. c4 g6 2. Nc3 Bg7 3. Nf3 d6 4. d4 Bg4 5. e3 Nf6 6. Be2 O-O 7. h3 Bf5 8. Bd3
Bxd3 9. Qxd3 c5 10. O-O Nc6 11. b3 cxd4 12. exd4 d5 13. Be3 Rc8 14. c5 b6 15.
Na4 Nd7 16. cxb6 Nxb6 17. Nxb6 Qxb6 18. Rac1 Rfd8 19. a3 Na5 20. Nd2 Nb7 21.
Nf3 Nd6 22. Rxc8 Rxc8 23. Rc1 Rb8 24. b4 Nc4 25. Nd2 Nxe3 26. fxe3 a5 27. bxa5
Qxa5 28. Qc3 Qa6 29. Qc7 Ra8 30. Qxe7 Bf8 31. Qd7 Qxa3 32. Re1 Bb4 33. Nb1 Qa7
34. Qxa7 Rxa7 35. Re2 Rc7 36. Rb2 Be1 37. Kf1 Bg3 38. Ke2 Rc1 39. Nd2 Rc6 40.
Rb5 Rf6 41. Nf3 Rf5 42. Rc5 Kg7 43. Rc6 h5 44. Kd3 g5 45. Rc2 g4 46. hxg4 hxg4
47. Ng1 1/2-1/2

[Event "V Open A"]
[Site "Genova ITA"]
[Date "2001.08.05"]
[Round "1"]
[White "Cirabisi, Federico"]
[Black "Todorov, Ognjan"]
[Result "0-1"]
[WhiteElo "2121"]
[BlackElo "2349"]
[PlyCount "60"]
[EventDate "2001.08.05"]

1. f4 c5 2. Nf3 Nf6 3. e3 g6 4. d4 Bg7 5. Bd3 O-O 6. c3 d6 7. O-O Nc6 8. Qe1 e5
9. Bc2 exd4 10. exd4 cxd4 11. f5 Qb6 12. cxd4 Nb4 13. Bb3 Nd3 14. Qd1 Bxf5 15.
Nc3 Ng4 16. Ne2 Nxc1 17. Rxc1 Ne3 18. Qd2 Nxf1 19. Rxf1 Be6 20. Bxe6 fxe6 21.
Re1 e5 22. Nc3 exd4 23. Nd5 Qc5 24. Ne7+ Kh8 25. Rc1 Qh5 26. Rc7 Rxf3 27. gxf3
Qxf3 28. Qc2 Rf8 29. Qc4 Qf2+ 30. Kh1 Qe1+ 0-1

[Event "V Open A"]
[Site "Genova ITA"]
[Date "2001.08.05"]
[Round "1"]
[White "Corvi, Marco"]
[Black "Collareta, Giovanni"]
[Result "1-0"]
[WhiteElo "2318"]
[BlackElo "2115"]
[PlyCount "41"]
[EventDate "2001.08.05"]

1. e4 c5 2. Nf3 d6 3. d4 cxd4 4. Nxd4 Nf6 5. Nc3 a6 6. g3 e6 7. Bg2 Be7 8. O-O
O-O 9. h3 Qc7 10. Be3 Nc6 11. Nde2 b5 12. g4 b4 13. Na4 Nd7 14. Rc1 Bb7 15. c3
bxc3 16. Rxc3 Qa5 17. Rb3 Rab8 18. Nb6 Nxb6 19. Bxb6 Qa4 20. Bc7 Ne5 21. Bxb8
1-0

[Event "V Open A"]
[Site "Genova ITA"]
[Date "2001.08.05"]
[Round "1"]
[White "De Santis, Alessio"]
[Black "Trumpf, Walter"]
[Result "1-0"]
[WhiteElo "2353"]
[BlackElo "2123"]
[PlyCount "81"]
[EventDate "2001.08.05"]

1. d4 Nf6 2. c4 g6 3. Nc3 Bg7 4. e4 d6 5. Be2 c6 6. Bg5 a6 7. a4 Qa5 8. Bd2 Qc7
9. h4 h5 10. Nh3 Bg4 11. f3 Bxh3 12. Rxh3 Nbd7 13. Be3 c5 14. d5 Ne5 15. Ra3
Qd7 16. a5 Qc7 17. Qd2 b6 18. axb6 Qxb6 19. Qc2 O-O 20. f4 Neg4 21. Bd2 Rfb8
22. Na4 Qc7 23. Rhb3 Nd7 24. Bxg4 hxg4 25. Rg3 Qc8 26. Bc3 Bh6 27. f5 Nf6 28.
Bxf6 exf6 29. Rxg4 Rb4 30. Rag3 Qd7 31. b3 Rab8 32. fxg6 Rxb3 33. gxf7+ Kxf7
34. e5 Rxg3 35. e6+ Kf8 36. exd7 Rxg4 37. Qf5 Rf4 38. Qe6 Rd8 39. Qxd6+ Kf7 40.
Qe6+ Kf8 41. d6 1-0

[Event "V Open A"]
[Site "Genova ITA"]
[Date "2001.08.05"]
[Round "1"]
[White "Dervishi, Erald"]
[Black "Gosio, Denis"]
[Result "1-0"]
[WhiteElo "2491"]
[BlackElo "2151"]
[PlyCount "59"]
[EventDate "2001.08.05"]

1. e4 c5 2. Nf3 e6 3. d4 cxd4 4. Nxd4 Nf6 5. Nc3 d6 6. Be2 Be7 7. O-O Nc6 8.
Be3 O-O 9. f4 a6 10. a4 Qc7 11. Kh1 Re8 12. Bf3 Nxd4 13. Qxd4 e5 14. Qd2 exf4
15. Bxf4 Be6 16. Rad1 Rad8 17. Qd4 Ng4 18. Bxg4 Bxg4 19. Nd5 Qd7 20. Rd2 Bf8
21. Rd3 Bh5 22. Bg5 Rb8 23. Nf4 Bg4 24. h3 Be6 25. Rg3 Rbc8 26. Nh5 Rc4 27.
Nf6+ Kh8 28. Qd1 Qc8 29. Qh5 h6 30. Bxh6 1-0

[Event "V Open A"]
[Site "Genova ITA"]
[Date "2001.08.05"]
[Round "1"]
[White "Di Paolo, Raffaele"]
[Black "Castells Briones, Miquel"]
[Result "1-0"]
[WhiteElo "2312"]
[BlackElo "2096"]
[PlyCount "55"]
[EventDate "2001.08.05"]

1. e4 e6 2. d4 d5 3. Nd2 dxe4 4. Nxe4 Nd7 5. Nf3 Ngf6 6. Nxf6+ Nxf6 7. Ne5 Be7
8. Bd3 O-O 9. O-O c5 10. dxc5 Bxc5 11. Bg5 h6 12. Bh4 Be7 13. Qe2 Nd5 14. Bg3
Nb4 15. Bc4 Qb6 16. c3 Nc6 17. Rad1 Nxe5 18. Bxe5 Rd8 19. Rxd8+ Bxd8 20. Rd1
Bc7 21. Bb3 a6 22. Rd4 Bxe5 23. Qxe5 Kf8 24. h4 a5 25. Ba4 Kg8 26. Rg4 g6 27.
h5 g5 28. Rd4 1-0

[Event "V Open A"]
[Site "Genova ITA"]
[Date "2001.08.05"]
[Round "1"]
[White "Ferretti, Folco"]
[Black "Berni, Mauro"]
[Result "1-0"]
[WhiteElo "2274"]
[BlackElo "2024"]
[PlyCount "79"]
[EventDate "2001.08.05"]

1. e4 c5 2. Nf3 Nc6 3. Bb5 e6 4. O-O Nge7 5. b3 a6 6. Bxc6 Nxc6 7. Bb2 d6 8. d4
cxd4 9. Nxd4 Nxd4 10. Qxd4 e5 11. Qd3 Be7 12. f4 exf4 13. Bxg7 Rg8 14. Bd4 Bh4
15. Nc3 Qg5 16. Qf3 Be6 17. Nd5 Bxd5 18. exd5 O-O-O 19. Bf2 Bxf2+ 20. Rxf2 Rde8
21. c4 Qe5 22. Raf1 Qd4 23. Qxf4 Qc5 24. g3 Re2 25. Qxf7 Rge8 26. Kg2 Qd4 27.
Qf4 R8e4 28. Qxd6 Qb2 29. Qc5+ Kb8 30. Kh3 Qg7 31. Rf8+ Re8 32. Qd6+ Ka7 33.
Rxe8 Rxe8 34. Rf2 Rg8 35. Qf4 Qd7+ 36. Kg2 Rg4 37. Qe3+ b6 38. Qe6 Qxe6 39.
dxe6 Re4 40. Rf7+ 1-0

[Event "V Open A"]
[Site "Genova ITA"]
[Date "2001.08.05"]
[Round "1"]
[White "Goris, Antonius"]
[Black "Sbarra, Marco"]
[Result "0-1"]
[WhiteElo "2089"]
[BlackElo "2305"]
[PlyCount "122"]
[EventDate "2001.08.05"]

1. e4 c5 2. c3 b6 3. d4 Bb7 4. d5 e6 5. c4 d6 6. Nf3 Nd7 7. Nc3 Ngf6 8. Be2
exd5 9. exd5 Be7 10. O-O O-O 11. Re1 Re8 12. Bf1 Nf8 13. b3 Bc8 14. h3 a6 15.
a4 Ng6 16. Bb2 Bf8 17. Qc2 Rb8 18. Rxe8 Nxe8 19. Re1 Nc7 20. Bd3 b5 21. axb5
axb5 22. cxb5 Be7 23. Nd2 Bd7 24. Bc4 Nxb5 25. Nxb5 Bxb5 26. Bxb5 Rxb5 27. Nc4
Bf8 28. Ra1 Qb8 29. Ra3 Qb7 30. Ne3 Ne7 31. Qd3 Rb4 32. Nc2 c4 33. Qd4 Rxb3 34.
Rxb3 cxb3 35. Nb4 Qb5 36. Ba3 Qa4 37. Bb2 Qb5 38. Ba3 Qa5 39. Bb2 Qc7 40. Qd3
Qb7 41. Qxb3 Nxd5 42. Qxd5 Qxb4 43. Bd4 Qe1+ 44. Kh2 Qe6 45. Qa8 f5 46. Be3 Kf7
47. Qb7+ Be7 48. Bd4 Kg6 49. Qc6 Bf6 50. Be3 Qe5+ 51. g3 d5 52. Qc8 h6 53. Kg2
Qe4+ 54. Kg1 d4 55. Bf4 d3 56. Be3 Bg5 57. Bxg5 hxg5 58. g4 fxg4 59. hxg4 d2
60. Qd7 Qe1+ 61. Kh2 d1=Q 0-1

[Event "V Open A"]
[Site "Genova ITA"]
[Date "2001.08.05"]
[Round "1"]
[White "Lanzani, Mario"]
[Black "Wismayer, Clive R."]
[Result "1-0"]
[WhiteElo "2380"]
[BlackElo "2144"]
[PlyCount "47"]
[EventDate "2001.08.05"]

1. d4 d5 2. c4 Nc6 3. Nc3 dxc4 4. d5 Ne5 5. Qd4 Ng6 6. h4 e5 7. Qxc4 Bd6 8. h5
N6e7 9. e4 h6 10. Be3 a6 11. O-O-O Nf6 12. f3 Bd7 13. Qb3 b5 14. g4 Qb8 15. Rh2
Nc8 16. Kb1 Nb6 17. a3 Ra7 18. Na2 Rb7 19. Nb4 Nc4 20. Bxc4 bxc4 21. Qxc4 a5
22. Nc6 Bxc6 23. dxc6 Rb5 24. Rxd6 1-0

[Event "V Open A"]
[Site "Genova ITA"]
[Date "2001.08.05"]
[Round "1"]
[White "Mollero, Michele"]
[Black "Guido, Flavio"]
[Result "1/2-1/2"]
[WhiteElo "2130"]
[BlackElo "2379"]
[PlyCount "107"]
[EventDate "2001.08.05"]

1. d4 Nf6 2. c4 e6 3. Nc3 Bb4 4. Qc2 c5 5. dxc5 O-O 6. Nf3 Na6 7. a3 Bxc3+ 8.
Qxc3 Nxc5 9. Bg5 Nce4 10. Bxf6 Qxf6 11. Qxf6 gxf6 12. Nd4 a5 13. g4 b6 14. Bg2
Bb7 15. Bxe4 Bxe4 16. f3 Bb7 17. Nb5 d5 18. cxd5 Bxd5 19. Kf2 Rfd8 20. Rhd1 Bb3
21. Rxd8+ Rxd8 22. Ke3 Rc8 23. Nc3 Kf8 24. Kd2 Rc5 25. Rc1 f5 26. g5 Rc4 27.
Rg1 Rh4 28. Rg2 Ke7 29. e3 e5 30. Ke2 Ke6 31. Kf2 Rh3 32. f4 a4 33. Ke2 Bc4+
34. Kd2 b5 35. Rf2 Kd6 36. Nd1 exf4 37. exf4 Rd3+ 38. Kc2 Kd5 39. Nc3+ Kd4 40.
Rd2 Ke3 41. Nd1+ Kd4 42. Rxd3+ Bxd3+ 43. Kd2 Be4 44. Nc3 Bc6 45. h4 Kc4 46. Ne2
Bf3 47. Ng3 Bg4 48. Kc2 Kd4 49. Kd2 Kc4 50. Kc2 Bf3 51. Kd2 Kb3 52. Kc1 Bg4 53.
Kb1 Kc4 54. Kc2 1/2-1/2

[Event "V Open A"]
[Site "Genova ITA"]
[Date "2001.08.05"]
[Round "1"]
[White "Tizzoni, Lionello"]
[Black "Drei, Andrea"]
[Result "0-1"]
[WhiteElo "2024"]
[BlackElo "2269"]
[PlyCount "60"]
[EventDate "2001.08.05"]

1. e4 c5 2. Nf3 Nc6 3. d4 cxd4 4. Nxd4 e6 5. Nc3 Qc7 6. Be2 a6 7. a4 Nf6 8. O-O
Bb4 9. Nxc6 bxc6 10. Qd4 Bd6 11. h3 Rb8 12. f4 e5 13. fxe5 Bxe5 14. Qd3 O-O 15.
Kh1 a5 16. Nd1 d5 17. exd5 Nxd5 18. Qe4 Rb4 19. c4 f5 20. Qf3 Nf6 21. Bd3 Rb3
22. Nc3 Be6 23. Qe2 Re8 24. Qc2 Rbb8 25. Bxf5 Bxc4 26. Bd3 Bb3 27. Qf2 Rbd8 28.
Bc2 Bc4 29. Rd1 Rxd1+ 30. Bxd1 Bg3 0-1

[Event "V Open A"]
[Site "Genova ITA"]
[Date "2001.08.06"]
[Round "2"]
[White "Ausmins, Elmar"]
[Black "Mollero, Michele"]
[Result "1/2-1/2"]
[WhiteElo "2345"]
[BlackElo "2130"]
[PlyCount "94"]
[EventDate "2001.08.05"]

1. d4 Nf6 2. Nf3 e6 3. c4 b6 4. a3 Ba6 5. Qc2 Bb7 6. Nc3 Bxf3 7. gxf3 g6 8. Bg5
Bg7 9. f4 c6 10. e4 Qc7 11. e5 Nh5 12. Qd2 f6 13. Bh4 Bh6 14. Ne4 fxe5 15. Bg5
Bxg5 16. fxg5 d5 17. Ng3 Nf4 18. O-O-O O-O 19. h4 exd4 20. Qxd4 Qg7 21. Qe3 Nd7
22. Re1 Nc5 23. Kb1 a5 24. Ka2 Rad8 25. Rh2 d4 26. Qd2 d3 27. Ne4 Nxe4 28. Rxe4
Rd4 29. Re3 Rxc4 30. Bxd3 Rd8 31. h5 Rcd4 32. hxg6 hxg6 33. Rf3 Nxd3 34. Qe3
Nc5 35. Rfh3 Rd2 36. Rh8+ Qxh8 37. Rxh8+ Kxh8 38. Qe5+ Kh7 39. Qc7+ R8d7 40.
Qh2+ Kg7 41. Qh6+ Kf7 42. Qh7+ Kf8 43. Qh8+ Ke7 44. Qf6+ Kd6 45. Qf4+ Ke7 46.
Qf6+ Kd6 47. Qf4+ Ke7 1/2-1/2

[Event "V Open A"]
[Site "Genova ITA"]
[Date "2001.08.06"]
[Round "2"]
[White "Berni, Mauro"]
[Black "Wismayer, Clive R."]
[Result "1-0"]
[WhiteElo "2024"]
[BlackElo "2144"]
[PlyCount "81"]
[EventDate "2001.08.05"]

1. e4 e6 2. d4 d5 3. Nc3 dxe4 4. Nxe4 Bd7 5. Nf3 Bc6 6. Bd3 Bxe4 7. Bxe4 c6 8.
O-O Nf6 9. Bd3 Nbd7 10. c4 Be7 11. b3 O-O 12. Bb2 Qa5 13. a3 Qb6 14. Qc2 Rac8
15. b4 Rfd8 16. Bc3 Nf8 17. Ne5 Qc7 18. Rac1 b6 19. Rfd1 a5 20. bxa5 bxa5 21.
Qa4 N6d7 22. Qxa5 Qxa5 23. Bxa5 Bxa3 24. Bxd8 Bxc1 25. Nxc6 Rxc6 26. Rxc1 Rd6
27. Rd1 Ng6 28. Bxg6 hxg6 29. c5 Rc6 30. Be7 Nf6 31. Bxf6 gxf6 32. f3 Kg7 33.
Kf2 e5 34. Ke3 Rc8 35. Rc1 exd4+ 36. Kxd4 Kf8 37. c6 Ke8 38. Kc5 Kd8 39. Kd6
Ra8 40. Rb1 Kc8 41. Re1 1-0

[Event "V Open A"]
[Site "Genova ITA"]
[Date "2001.08.06"]
[Round "2"]
[White "Drei, Andrea"]
[Black "Lanzani, Mario"]
[Result "0-1"]
[WhiteElo "2269"]
[BlackElo "2380"]
[PlyCount "96"]
[EventDate "2001.08.05"]

1. e4 e5 2. Nf3 Nc6 3. Nc3 Nf6 4. Bb5 Nd4 5. Nxe5 Qe7 6. f4 Nxb5 7. Nxb5 d6 8.
Nf3 Qxe4+ 9. Kf2 Ng4+ 10. Kg1 Qc4 11. a4 a6 12. d3 Qc5+ 13. d4 Qc6 14. h3 Nf6
15. Kh2 Qd7 16. Re1+ Be7 17. Nc3 O-O 18. d5 b6 19. Nd4 Bb7 20. Qf3 Rfe8 21. g4
h6 22. Be3 Nh7 23. Re2 Bf6 24. Rae1 g6 25. Nc6 Kf8 26. f5 g5 27. Nd1 Be5+ 28.
Kg1 Bf6 29. c4 Be5 30. Nf2 f6 31. Ne4 Bxc6 32. dxc6 Qxc6 33. Nxg5 Qxf3 34. Nxf3
Ng5 35. Kg2 Kg7 36. h4 Nxf3 37. Kxf3 Rad8 38. g5 hxg5 39. hxg5 fxg5 40. Bxg5
Rc8 41. Kg4 Kf7 42. Bf4 Bxb2 43. Bg5 Rxe2 44. Rxe2 Be5 45. Re1 Rg8 46. Rh1 Bf6
47. Rh7+ Ke8 48. Rh5 c6 0-1

[Event "V Open A"]
[Site "Genova ITA"]
[Date "2001.08.06"]
[Round "2"]
[White "Guido, Flavio"]
[Black "Cehic, Goran"]
[Result "1/2-1/2"]
[WhiteElo "2379"]
[BlackElo "2144"]
[PlyCount "75"]
[EventDate "2001.08.05"]

1. e4 e6 2. d4 d5 3. e5 c5 4. c3 Nc6 5. Nf3 Qb6 6. a3 c4 7. g3 f6 8. exf6 Nxf6
9. Bg2 Bd6 10. O-O O-O 11. Qe2 h6 12. Nbd2 Qc7 13. Re1 b5 14. Rb1 Re8 15. Ne5
Bxe5 16. dxe5 Nd7 17. f4 Nc5 18. Nf3 a5 19. Be3 Nd3 20. Red1 b4 21. Ne1 Nxe1
22. Rxe1 Rb8 23. axb4 axb4 24. Qf2 bxc3 25. bxc3 Bd7 26. Bb6 Qc8 27. Bc5 Qa6
28. Bd6 Rb3 29. Rxb3 cxb3 30. Rb1 Qc4 31. Qb2 Na5 32. Bb4 Rb8 33. Bf1 Qc7 34.
Qa3 Nc4 35. Qa6 Rb6 36. Qa8+ Rb8 37. Qa6 Rb6 38. Qa8+ 1/2-1/2

[Event "V Open A"]
[Site "Genova ITA"]
[Date "2001.08.06"]
[Round "2"]
[White "Isonzo, David"]
[Black "Scalcione, Michelangelo"]
[Result "0-1"]
[WhiteElo "2315"]
[BlackElo "2249"]
[PlyCount "68"]
[EventDate "2001.08.05"]

1. e4 e5 2. Nf3 d6 3. d4 exd4 4. Nxd4 Nf6 5. Nc3 Be7 6. Bf4 O-O 7. Qd2 Nc6 8.
O-O-O Nxd4 9. Qxd4 Be6 10. f3 a6 11. g4 b5 12. Qd2 b4 13. Nd5 Bxd5 14. exd5 Qb8
15. h4 a5 16. h5 a4 17. g5 Nd7 18. h6 g6 19. Qd4 f6 20. Bh3 Ne5 21. Rhe1 Nxf3
22. Qe3 Ne5 23. Be6+ Kh8 24. Qg3 b3 25. cxb3 axb3 26. a3 Qb5 27. Qc3 Ra4 28.
Bxe5 fxe5 29. Kb1 Rc4 30. Qg3 Rc2 31. Rc1 Qc4 32. Rxc2 Qxc2+ 33. Ka1 Rf2 34.
Rb1 Qxb1+ 0-1

[Event "V Open A"]
[Site "Genova ITA"]
[Date "2001.08.06"]
[Round "2"]
[White "Ljubisavljevic, Zivojin Z."]
[Black "Pernigotti, Carlo"]
[Result "1-0"]
[WhiteElo "2249"]
[BlackElo "2156"]
[PlyCount "55"]
[EventDate "2001.08.05"]

1. b3 d5 2. Bb2 Nf6 3. e3 Bf5 4. f4 e6 5. Nf3 Be7 6. d3 O-O 7. Nbd2 a5 8. Qe2
a4 9. h3 Nfd7 10. g4 Bg6 11. h4 f6 12. Bg2 axb3 13. axb3 Rxa1+ 14. Bxa1 Nc6 15.
h5 Bf7 16. h6 g6 17. O-O Qa8 18. c4 Qa2 19. g5 Ra8 20. cxd5 exd5 21. gxf6 Nxf6
22. Ng5 Nb4 23. f5 gxf5 24. Nxf7 Kxf7 25. Bxf6 Bxf6 26. Qh5+ Ke7 27. Qxf5 Rf8
28. Bh3 1-0

[Event "V Open A"]
[Site "Genova ITA"]
[Date "2001.08.06"]
[Round "2"]
[White "Nelli, Luca"]
[Black "De Santis, Alessio"]
[Result "1/2-1/2"]
[WhiteElo "2207"]
[BlackElo "2353"]
[PlyCount "78"]
[EventDate "2001.08.05"]

1. c4 e5 2. Nc3 Bb4 3. g3 Nc6 4. Bg2 Nge7 5. e3 Bxc3 6. dxc3 d6 7. e4 Be6 8.
Qd3 a5 9. a4 O-O 10. Ne2 Qd7 11. O-O Bh3 12. Be3 b6 13. Rad1 Bxg2 14. Kxg2 Nd8
15. b3 Qc6 16. f4 exf4 17. Nxf4 Ne6 18. Nxe6 fxe6 19. Rxf8+ Rxf8 20. Rf1 Rxf1
21. Kxf1 Ng6 22. Bd4 Qa8 23. h3 h6 24. Qf3 c5 25. Bf2 Ne5 26. Qf4 Nf7 27. h4
Ne5 28. Ke2 Qe8 29. Kd2 Qh5 30. Qe3 Qg4 31. Qe2 Qh3 32. Be1 Qh1 33. Kc2 Kf7 34.
Bd2 Ke7 35. Bf4 Nd7 36. e5 d5 37. cxd5 Qxd5 38. Qg4 Kf8 39. Qe2 Ke7 1/2-1/2

[Event "V Open A"]
[Site "Genova ITA"]
[Date "2001.08.06"]
[Round "2"]
[White "Popchev, Milko"]
[Black "Molinari, Mario"]
[Result "1-0"]
[WhiteElo "2447"]
[BlackElo "2180"]
[PlyCount "61"]
[EventDate "2001.08.05"]

1. g3 d5 2. Bg2 c6 3. Nf3 Nf6 4. b3 g6 5. Bb2 Bg7 6. O-O O-O 7. c4 Bf5 8. d3
Qd7 9. Re1 Bh3 10. Bh1 h6 11. Nbd2 Na6 12. Ne5 Qd6 13. d4 e6 14. Nd3 g5 15. f3
h5 16. Nf2 g4 17. e4 Nh7 18. f4 f5 19. e5 Qd8 20. Nxh3 gxh3 21. Qxh5 Nb4 22.
Re2 b5 23. c5 Nd3 24. Nf3 Qa5 25. Qxh3 Rf7 26. Rd1 Qxa2 27. Rxd3 Qb1+ 28. Ne1
a5 29. Qf1 a4 30. b4 a3 31. Rxa3 1-0

[Event "V Open A"]
[Site "Genova ITA"]
[Date "2001.08.06"]
[Round "2"]
[White "Sbarra, Marco"]
[Black "Dervishi, Erald"]
[Result "0-1"]
[WhiteElo "2305"]
[BlackElo "2491"]
[PlyCount "110"]
[EventDate "2001.08.05"]

1. d4 d5 2. c4 e6 3. Nc3 Nf6 4. Bg5 Be7 5. e3 O-O 6. cxd5 exd5 7. Bd3 Nbd7 8.
Nf3 Re8 9. O-O c6 10. Qc2 Nf8 11. h3 Ng6 12. Rab1 Bd6 13. Rfe1 Be6 14. b4 a6
15. a4 Rc8 16. e4 Be7 17. e5 Nd7 18. Bd2 Ndf8 19. Nh2 f6 20. f4 fxe5 21. dxe5
c5 22. bxc5 Bxc5+ 23. Kh1 Bd4 24. Rb3 Bxe5 25. fxe5 d4 26. Rxb7 dxc3 27. Bxc3
Qd5 28. Be4 Qc5 29. Rc1 Red8 30. Nf3 Qe3 31. Rbb1 Rxc3 32. Qxc3 Qxe4 33. Ng5
Qxa4 34. Nxe6 Nxe6 35. Qc6 Qxc6 36. Rxc6 Re8 37. Rxa6 Nxe5 38. Re1 Nc5 39. Ra5
Ncd7 40. Ra7 Kf8 41. g4 h6 42. Kg2 Rb8 43. Re2 Rb3 44. Ra5 Ng6 45. Ra8+ Kf7 46.
Rf2+ Nf6 47. Ra7+ Kg8 48. Ra8+ Kh7 49. Ra7 Nh4+ 50. Kh2 Kg6 51. Re2 Nd5 52.
Re6+ Kh7 53. Re4 Nf3+ 54. Kg2 Ng5 55. Rd4 Ne6 0-1

[Event "V Open A"]
[Site "Genova ITA"]
[Date "2001.08.06"]
[Round "2"]
[White "Todorov, Ognjan"]
[Black "Di Paolo, Raffaele"]
[Result "1/2-1/2"]
[WhiteElo "2349"]
[BlackElo "2312"]
[PlyCount "126"]
[EventDate "2001.08.05"]

1. d4 Nf6 2. Nf3 d6 3. c4 g6 4. g3 Bg7 5. Bg2 O-O 6. O-O Nc6 7. d5 Na5 8. Qa4
c5 9. Bd2 b6 10. Bc3 Bd7 11. Qc2 Bf5 12. Qc1 a6 13. Nbd2 b5 14. b3 Rb8 15. Re1
e5 16. dxe6 Bxe6 17. Ng5 b4 18. Bb2 Bc8 19. Rd1 Qe7 20. Nde4 Bb7 21. Nxf6+ Bxf6
22. Bxf6 Qxf6 23. Bxb7 Nxb7 24. Ne4 Qe5 25. Qf4 Rfd8 26. Nf6+ Kg7 27. Qxe5 dxe5
28. Nd7 Ra8 29. Nxe5 a5 30. Rd7 Rxd7 31. Nxd7 Ra6 32. Rd1 a4 33. Ne5 axb3 34.
axb3 Re6 35. f4 Na5 36. Rd7 Nxb3 37. Rxf7+ Kg8 38. Rc7 g5 39. Kg2 gxf4 40. gxf4
Rb6 41. Nd7 Re6 42. Kf2 Nc1 43. e4 b3 44. Rb7 Rh6 45. e5 b2 46. Kg3 Nd3 47.
Nxc5 Nxc5 48. Rxb2 Rc6 49. Kf3 Nd7 50. Rb7 Nb6 51. f5 Nxc4 52. Ke4 Rc8 53. f6
Nxe5 54. Kxe5 Rc6 55. Rg7+ Kh8 56. Rg2 Rc8 57. f7 Ra8 58. Ra2 Rb8 59. Rb2 Ra8
60. Rg2 Ra5+ 61. Kd6 Ra6+ 62. Kc5 Ra8 63. Kb6 Rf8 1/2-1/2

[Event "V Open A"]
[Site "Genova ITA"]
[Date "2001.08.07"]
[Round "3"]
[White "Berni, Mauro"]
[Black "Drei, Andrea"]
[Result "0-1"]
[WhiteElo "2024"]
[BlackElo "2269"]
[PlyCount "44"]
[EventDate "2001.08.05"]

1. e4 c5 2. Nf3 Nc6 3. Bb5 g6 4. O-O Bg7 5. Nc3 Nd4 6. Bc4 e6 7. d3 Ne7 8. Bf4
d5 9. Bb5+ Bd7 10. Bxd7+ Qxd7 11. Ne5 Qd8 12. exd5 Nxd5 13. Nxd5 Qxd5 14. c4
Qd8 15. Qa4+ Ke7 16. Rfe1 f6 17. Ng4 Qd7 18. Qd1 h5 19. Ne3 g5 20. Bg3 h4 21.
Nd5+ Kf7 22. Nc7 Rac8 0-1

[Event "V Open A"]
[Site "Genova ITA"]
[Date "2001.08.07"]
[Round "3"]
[White "Cehic, Goran"]
[Black "Ausmins, Elmar"]
[Result "0-1"]
[WhiteElo "2144"]
[BlackElo "2345"]
[PlyCount "86"]
[EventDate "2001.08.05"]

1. c4 g6 2. g3 Bg7 3. Bg2 d6 4. d4 c5 5. e3 cxd4 6. exd4 Qb6 7. Ne2 Nc6 8. Nbc3
Qb4 9. O-O Qxc4 10. Be3 Nf6 11. b3 Qa6 12. d5 Ne5 13. Nd4 O-O 14. Ndb5 Qa5 15.
a3 a6 16. b4 Qd8 17. Nd4 Bg4 18. Qb3 Rc8 19. f3 Bd7 20. Rfd1 Rxc3 21. Qxc3 Nxd5
22. Qb3 Nxe3 23. Qxe3 Nc4 24. Qf2 Ba4 25. Rd3 e5 26. Rc1 exd4 27. Rxc4 Bb5 28.
Rcxd4 Bxd4 29. Rxd4 Re8 30. Bf1 Bxf1 31. Kxf1 Qc7 32. Qd2 Re6 33. Kg2 Qe7 34.
Kf2 b5 35. Rd5 Qa7+ 36. Rd4 Qb6 37. Kg2 Re2+ 38. Qxe2 Qxd4 39. Qe8+ Kg7 40. Qc6
Qb2+ 41. Kh3 Qxa3 42. Qxd6 Qxf3 43. Qxa6 Qf1+ 0-1

[Event "V Open A"]
[Site "Genova ITA"]
[Date "2001.08.07"]
[Round "3"]
[White "Collareta, Giovanni"]
[Black "Goris, Antonius"]
[Result "0-1"]
[WhiteElo "2115"]
[BlackElo "2089"]
[PlyCount "24"]
[EventDate "2001.08.05"]

1. c4 e6 2. g3 Nf6 3. Nf3 d5 4. Bg2 Be7 5. d4 O-O 6. O-O c5 7. cxd5 Nxd5 8. Nc3
Nxc3 9. bxc3 Nc6 10. Rb1 Qa5 11. Qb3 Rd8 12. Ba3 c4 0-1

[Event "V Open A"]
[Site "Genova ITA"]
[Date "2001.08.07"]
[Round "3"]
[White "Corvi, Marco"]
[Black "Ljubisavljevic, Zivojin Z."]
[Result "0-1"]
[WhiteElo "2318"]
[BlackElo "2249"]
[PlyCount "76"]
[EventDate "2001.08.05"]

1. d4 Nf6 2. Nf3 e6 3. c4 c5 4. d5 b5 5. Bg5 exd5 6. cxd5 d6 7. e4 a6 8. Bd3
Bg4 9. O-O Be7 10. Nbd2 Nxd5 11. exd5 Bxg5 12. Re1+ Be7 13. a4 b4 14. Qc2 g6
15. Re4 Bxf3 16. gxf3 O-O 17. Rae1 Bg5 18. Nc4 Qf6 19. Rg4 Nd7 20. Qe2 h5 21.
Rg2 Bf4 22. Qc2 Rae8 23. Be4 Ne5 24. Nxe5 Rxe5 25. Kh1 Kg7 26. Reg1 Rg5 27.
Rxg5 Bxg5 28. a5 Re8 29. Qd3 Qf4 30. Qxa6 f5 31. Bd3 Qxf3+ 32. Rg2 Re1+ 33. Bf1
Qxd5 34. Kg1 Kh6 35. Qb5 Qd4 36. b3 c4 37. Rg3 h4 38. Rxg5 Kxg5 0-1